|
|
|
|
| LEADER |
00000nab a2200000 a 4500 |
| 001 |
vtls000832204 |
| 003 |
SK-MaSNL |
| 005 |
20260304175605.0 |
| 008 |
250429c2003 xo 0 slo |
| 015 |
|
|
|a SNBRB2003/04-12755
|
| 035 |
|
|
|a CLN000183859
|
| 035 |
|
|
|a urn:nbn:sk:snk-abpz3
|
| 035 |
|
|
|a (urnnbn)urn:nbn:sk:snk:ar-a03xh5
|
| 035 |
|
|
|a (uuid)5a29ab54-74d7-4a05-8f17-9db07d9c17e3
|
| 040 |
|
|
|a SNKBUCL
|b slo
|c SNKBUCL
|e AACR2
|
| 041 |
0 |
|
|a slo
|
| 044 |
|
|
|a xo
|c SK
|
| 080 |
|
|
|a 613.287.8:616-009.624
|2 1997
|
| 100 |
1 |
|
|a Minarovič, Igor
|4 adp
|9 858144
|
| 245 |
1 |
0 |
|a Má dojčenie analgetický účinok?
|b zaujalo nás na internete
|c Igor Minarovič, Ľubomíra Minarovičová
|
| 500 |
|
|
|a British Medical Journal (2003,326:13) http://www.medicina.cz/odborne/clanek.dss?s_id=530...
|
| 650 |
0 |
7 |
|a analgézia
|2 SNKPH
|9 14351
|
| 650 |
0 |
7 |
|a dojčenie
|2 SNKPH
|9 3802
|
| 650 |
0 |
7 |
|a bolesť
|2 SNKPH
|9 2432
|
| 650 |
0 |
7 |
|a novorodenci
|2 SNKPH
|9 1225
|
| 650 |
0 |
7 |
|a dojčatá
|2 SNKPH
|9 31365
|
| 655 |
|
7 |
|a články z novín a časopisov
|2 SNK
|9 267496
|
| 700 |
1 |
|
|a Minarovičová, Ľubomíra
|4 adp
|9 1403073
|
| 773 |
0 |
|
|t Lekárnické listy
|g Roč. 5, č. 1-2 (2003), s. 20
|x 1335-5821
|
| 850 |
|
|
|a Slovenská národná knižnica
|
| 852 |
|
|
|a Slovenská národná knižnica
|
| 954 |
|
|
|a odborná, vedecká literatúra pôvodná (slovenská)
|2 lita
|
| 958 |
|
|
|a article27
|
| 958 |
|
|
|a OND
|
| 958 |
|
|
|a MI
|
| 958 |
|
|
|a EUIPO
|
| 992 |
|
|
|a RBX
|
| 999 |
|
|
|c 3014313
|d 3016243
|